Statistics for 4-Letter Animals

Click here to take the quiz!

General Stats

  • This quiz has been taken 713 times
    (76 since last reset)
  • The average score is 21 of 83

Answer Stats

4-LETTER ANIMAL% Correct
Lion
79%
Fish
78%
Bear
71%
Bird
71%
Goat
69%
Duck
66%
Deer
64%
Wolf
59%
Frog
55%
Toad
50%
Crow
48%
Boar
45%
Lamb
45%
Mice
45%
Mole
45%
Wasp
45%
Hawk
41%
Lynx
40%
Puma
40%
Swan
40%
Bull
38%
Hare
36%
Seal
36%
Vole
36%
Calf
34%
Crab
34%
Mule
29%
Wren
29%
Newt
28%
Cock
26%
Foal
26%
Ibis
26%
Orca
24%
Worm
22%
Ibex
21%
Loon
21%
Moth
21%
Slug
21%
Dove
19%
Flea
19%
Lice
19%
Mare
19%
Bass
17%
Gull
17%
Pony
17%
Tick
17%
Tuna
17%
Buck
16%
Clam
16%
Fawn
16%
Kiwi
16%
Oxen
16%
Pike
16%
Fowl
14%
Gnat
14%
Tern
14%
Carp
12%
Colt
12%
Coot
12%
Dodo
12%
Joey
12%
Kite
12%
Mink
12%
Zebu
10%
Erne
9%
Hart
9%
Kudu
9%
Lark
9%
Oryx
9%
Rhea
7%
Tegu
7%
Guan
5%
Pika
5%
Rook
5%
Cavy
3%
Barb
2%
Musk
2%
Tang
2%
Anoa
0%
Degu
0%
Gaur
0%
Guar
0%
Myna
0%

Score Distribution

Percentile by Number Answered

Percent of People with Each Score

Your Score History

You have not taken this quiz since the last reset